| 000 | 00611nam a2200217Ia 4500 | ||
|---|---|---|---|
| 005 | 20260429112309.0 | ||
| 008 | 260429s9999||||xx |||||||||||||| ||und|| | ||
| 020 | _a9789392262920 | ||
| 041 | _aEnglish | ||
| 082 |
_a001.42 _bARI |
||
| 100 | _aAri, Vijay Kumar | ||
| 245 | 0 |
_aResearch methodology theory and practice / _cVijay Kumar Ari |
|
| 260 |
_aJaipur : _bBook Enclave, _c2024. |
||
| 300 | _avii, 292 p.; hb | ||
| 650 | _a Academic writing | ||
| 650 | _a Research methods | ||
| 650 | _a Social science research | ||
| 650 | _a Statistical methods | ||
| 650 | _aResearch methodology | ||
| 942 | _cTB | ||
| 999 |
_c53368 _d53368 |
||